000 00898nam a2200265Ia 4500
001 22007
005 20260320113333.0
008 260320s9999||||xx |||||||||||||| ||und||
020 _a9788430627813
041 _aESP
082 _a321.8098
_bM96
100 _aMuñoz Machado, Santiago,
_eAUT
245 0 _aDe la democracia en hispanoamérica
_b
246 _a
_5
_b
250 _aPrimera edición
260 _aBarcelona :
_bPenguin Random House Grupo Editorial,
_c2025
300 _a1006 páginas :
_b
_c24 cm.
_e
440 _a(Taurus historia)
_n
_v
650 _aCIS
653 _aCiencia política; Democracia - América Latina; Política y gobierno - América Latina - Historia
654 _aDER
700 _a
_c
856 _uhttps://0u20fmy9n-y-https-research-ebsco-com.itmsp.museknowledge.com/c/qxo6us/search
_zVéase además: Base de datos EBSCOhost
942 _cLIB
_dJUS
_fMAT
_2ddc
_n
999 _c22007
_d22007